MARC

LEADER 00000nam0a2200000 4500
001 57596
005 20231031054318.0
035 |a (RuTPU)RU\TPU\book\60790 
090 |a 57596 
100 |a 20031112d1964 k y0rusy50 ca 
101 0 |a rus 
102 |a RU 
105 |a a z 001zy 
200 1 |a Эксплуатация батарейных циклонов  |f Л. Д. Кропп, А. Ш. Бронштейн 
210 |a Москва  |a Ленинград  |c Энергия  |d 1964 
215 |a 152 с.  |c ил. 
320 |a Библиогр.: с. 150-151. 
610 1 |a техническая эксплуатация 
610 1 |a батареи 
610 1 |a циклоны 
610 1 |a пылеуловители 
610 1 |a золоуловители 
610 1 |a энергетика 
610 1 |a свойства среды 
610 1 |a расчет 
610 1 |a конструирование 
610 1 |a изготовление 
610 1 |a монтаж 
610 1 |a очистка 
610 1 |a воздух 
610 1 |a пыль 
610 1 |a газ 
675 |a 628.511  |v 3 
700 1 |a Кропп  |b Л. Д.  |g Лев Давидович 
701 1 |a Бронштейн  |b А. Ш.  |g Арон Шлемович 
801 1 |a RU  |b 63413507  |c 20031112  |g PSBO 
801 2 |a RU  |b 63413507  |c 20070322  |g PSBO 
942 |c BK